Finlandia - Podział administracyjny Finlandii (Regiony) - Mapa - Statystyki

Ogólne statystyki
  • Ten quiz został rozwiązany 1 068 razy
  • Średni wynik to 8 z 19
Odpowiedzi na mapie
Odpowiedzi zakodowano w zielono-czerwonej skali na mapie do tego quizu, zgodnie z poniższymi procentami.
 
Statystyki odpowiedzi
Region Siedziba % Poprawnych
Laponia Rovaniemi
89%
Uusimaa Helsinki
67%
Finlandia Właściwa Turku
58%
Wyspy Alandzkie Maarianhamina
57%
Karelia Północna Joensuu
53%
Ostrobotnia Północna Oulu
53%
Finlandia Środkowa Jyväskylä
50%
Karelia Południowa Lappeenranta
50%
Ostrobotnia Vaasa
48%
Ostrobotnia Południowa Seinäjoki
44%
Sawonia Północna Kuopio
41%
Ostrobotnia Środkowa Kokkola
39%
Sawonia Południowa Mikkeli
38%
Kainuu Kajaani
31%
Pirkanmaa Tampere
28%
Päijät-Häme Lahti
26%
Satakunta Pori
23%
Kanta-Häme Hämeenlinna
20%
Kymenlaakso Kouvola
17%
Nie znaleziono quizów pasujących do podanych kryteriów
Rozkład punktacji
Procent ludzi z każdym wynikiem
Percentyl według liczby udzielonych odpowiedzi
Twoja historia wyników
Nie rozwiązałeś tego quizu